000 01040nam a22003257a 4500
003 CHAP
005 20220817043146.0
008 971013s1988 r 00010 d
010 _a67061
011 _a68033
035 _a77505
040 _cCHAP
082 _a428
_bB6
100 0 0 _aBogado, Estela.
_913406
245 _aLecturas en inglés para la especialidad en economía agrícola
260 _aChapingo, Méx. :
_bUACH. Centro de Idiomas,
_c[1988?]
300 _a92 p.
500 _aColec. UACH-CP
590 _aBATCH-UPD
_b10
_c20130110
_lUCH01
_h0746
590 _aBATCH-UPD
_b10
_c20130410
_lUCH01
_h0427
590 _aBATCH-UPD
_b10
_c20130914
_lUCH01
_h0648
590 _aBATCH-UPD
_b10
_c20130914
_lUCH01
_h2133
590 _aCONVERSION
_b10
_c20130109
_lUCH01
_h1337
650 1 4 _aAgricultura
_xAspectos económicos.
650 1 4 _aInglés
_xEstudio y enseñanza.
_958340
700 0 _aEbergenyi, Ileana.
_935028
901 _aBK
942 _cLIBRO
949 _a428 B6
_bBC
_cLIBRO
_d33724000827358
_eLIBRO
_h74194
_i77505
_sb
_t5.00
999 _c67061
_d67061